Zvonár prebudený v tanci

Bibliographic Details
Main Author: Vincentová, Zlatka, 1931-2019 (Author)
Format: Article
Language:Slovak
Subjects:

MARC

LEADER 00000nab a2200000 a 4500
001 vtls000116958
003 SK-MaSNL
005 20260303194216.0
008 040806c1982 xo 0 slo
015 |a SNBRB19rr/mm-uuuuu 
035 |a CL0127063 
040 |a SNKBUCL  |b slo  |c SNKBUCL  |e AACR2 
041 0 |a slo 
044 |a xo  |c SK 
080 |a 792.8  |2 1981 
100 1 |a Vincentová, Zlatka,  |d 1931-2019  |4 aut  |9 208009 
245 1 0 |a Zvonár prebudený v tanci  |c Z. Vincentová 
500 |a Podľa románu V. Huga Chrám matky božej v Paríži 
600 1 7 |a Jarre, Maurice,  |d 1924-2009  |t Zvonár z Notre Dame  |2 snkbucl  |9 119935 
610 2 7 |a Slovenské národné divadlo.  |b Balet  |2 snkbucl  |9 32457 
650 0 7 |a balety  |2 snkbucl  |9 31615 
655 7 |a recenzie  |2 snkbucl  |9 21907 
655 7 |a články z novín a časopisov  |2 snkbucl  |9 267496 
773 0 |t Večerník  |g Roč. 27, č. 75 (19. 4. 1982), s. 5 
850 |a Slovenská národná knižnica v Martine  |a MTA001 
852 |a SNK  |b KIS3GCP 
999 |c 2156421  |d 2158351